Obchodný podiel ako predmet bezpodielového spoluvlastníctva manželov
Podielové spoluvlastníctvo predstavuje vlastnícky vzťah viacerých osôb (minimálne dvoch) k tej istej veci. Jeho základným pojmovým znakom je podiel, ktorý vyjadruje mieru, akou sa spoluvlastníci podieľajú na právach a povinnostiach vyplývajúcich zo spoluvlastníctva k spoločnej veci.
Salvato in:
| Autore principale: | |
|---|---|
| Natura: | Capitolo di libro |
| Lingua: | slovacco |
| Soggetti: | |
| Tags: |
Nessun Tag, puoi essere il primo ad aggiungerne!!
|
MARC
| LEADER | 00000naa a2200000 4500 | ||
|---|---|---|---|
| 001 | 0299171 | ||
| 005 | 20240417075303.8 | ||
| 041 | 0 | |a slo | |
| 044 | |a SK | ||
| 245 | 1 | 0 | |a Obchodný podiel ako predmet bezpodielového spoluvlastníctva manželov |c Zuzana Petriganová |
| 520 | |a Podielové spoluvlastníctvo predstavuje vlastnícky vzťah viacerých osôb (minimálne dvoch) k tej istej veci. Jeho základným pojmovým znakom je podiel, ktorý vyjadruje mieru, akou sa spoluvlastníci podieľajú na právach a povinnostiach vyplývajúcich zo spoluvlastníctva k spoločnej veci. | ||
| 610 | 2 | 0 | |a spoluvlastníctvo |
| 610 | 2 | 0 | |a spoluvlastníci |
| 610 | 2 | 0 | |a podiely obchodné |
| 610 | 2 | 0 | |a manželstvo |
| 610 | 2 | 0 | |a zákonník občiansky |
| 100 | 1 | |a Petriganová, Zuzana | |